01406nam a2200241Ia 4500001000900000003001000009008004100019040002500060041001300085100002500098245004800123250001100171260006000182300002700242500026400269501011400533520026400647650004100911942000700952957000600959999004100965952015801006L149-996IT-CnALBA170116s9999||||xx |||||||||||||| ||und|| aIT-CnALBAcIT-CnALBA aITALIANO aBERGHIN-ROSÈ GUIDO 0aELEMENTI DI FILOSOFIA VOL. III COSMOLOGIA.  a1a ed. a TORINO - ROMAbMARIETTI EDITORE c1960 [1° Ed.: n.d.] a240 p. (prefazione: 6) aCOSMOLOGIA. FILOSOFIA DELLA NATURA. PROPRIETÀ DEI CORPI. ESTENSIONE LUOGO COLLOCAZIONE SPAZIO QUALITÀ ENERGIE PASSIONE AZIONE MOTO TEMPO. TEORIA DELLA RELATIVITA'. SOSTANZA DEI CORPI. ILMORFISMO. ILEMORFISMO E COMPOSTI ORGANICI. TERIA ATOMICA ATOMO ATOMIS aSocietà San Paolo EM - Piazza San Paolo, 14 - 12051 ALBA (CN) (non commercial uses only) ® Copyright 2017 aCOSMOLOGIA. FILOSOFIA DELLA NATURA. PROPRIETÀ DEI CORPI. ESTENSIONE LUOGO COLLOCAZIONE SPAZIO QUALITÀ ENERGIE PASSIONE AZIONE MOTO TEMPO. TEORIA DELLA RELATIVITA'. SOSTANZA DEI CORPI. ILMORFISMO. ILEMORFISMO E COMPOSTI ORGANICI. TERIA ATOMICA ATOMO ATOMIS aALTRI SISTEMI E DOTTRINE FILOSOFICHE cBK 71 a1088bNOg Copie: 1 c260225d260225 0010406L_14999671aALBAbALBAd2017-01-16l0oL149-996r2017-01-16 00:00:00w2017-01-16yBKz(data import: 16 gennaio 2017) - By Epidotti, Vaglietti.